Konkurenčná politika Európskej únie

Guardado en:
Detalles Bibliográficos
Autor principal: Kittová, Zuzana, 1975-
Formato: Capítulo de libro
Lenguaje:eslovaco
Materias:
Etiquetas: Agregar Etiqueta
Sin Etiquetas, Sea el primero en etiquetar este registro!

MARC

LEADER 00000naa a2200000 4500
001 0251439
005 20240502074032.0
041 0 |a slo 
044 |a SK 
245 1 0 |a Konkurenčná politika Európskej únie  |c Zuzana Kittová 
610 2 0 |a Európska únia 
610 2 0 |a politika 
610 2 0 |a politika medzinárodná 
610 2 0 |a konkurencieschopnosť 
100 1 |a Kittová, Zuzana, 1975-